| 000 | 00639nam a22001815i 4500 | ||
|---|---|---|---|
| 001 | 161625 | ||
| 003 | ES-MaACL | ||
| 005 | 20230906212327.0 | ||
| 008 | 041021s1863 fr |||| | fre d | ||
| 080 | _a32(73)"18" | ||
| 100 | 1 |
_aPelletan, Eugène. _9223510 |
|
| 245 | 1 | 0 |
_aAdresse au Roi Coton / _cpar Eugène Pelletan. |
| 260 |
_aParis : _bPagnerre, libraire-éditeur, _c1863 ( _fImprimerie de J. Claye) |
||
| 300 |
_a43 p. ; _c21 cm. |
||
| 651 | 4 |
_aEstados Unidos- _xPolítica y gobierno- _yS.XIX. _9172072 |
|
| 852 | 4 |
_aES-MaACL _jT-88-F-9 _z- Enc. hol., falto de cub. original _z- Enc. en un vol. facticio |
|
| 999 |
_c161625 _d161625 |
||